Ο πολιτικός Καρυωτάκης
Αποθηκεύτηκε σε:
| Κύριος συγγραφέας: | |
|---|---|
| Μορφή: | Βιβλίο |
| Γλώσσα: | Greek |
| Δημοσίευση: |
Αθήνα :
Βιβλιοπωλείον της "Εστίας" - Ι. Δ. Κολλάρος & Σιας Α.Ε.,
1993.
|
| Έκδοση: | 2η έκδ. |
| Θέματα: | |
| Ετικέτες: |
Προσθήκη ετικέτας
Δεν υπάρχουν, Καταχωρήστε ετικέτα πρώτοι!
|
MARC
| LEADER | 00000cam a2200000 a 4500 | ||
|---|---|---|---|
| 001 | 1/110993 | ||
| 008 | 160603r19931992gr | ||| |||| ||gre|| | ||
| 020 | |a 960050380X | ||
| 040 | |a GR-MyUa |b gre |c GR-MyUa |e AACR2 | ||
| 041 | 0 | |a gre | |
| 082 | 7 | |a 889.1 |2 (23) | |
| 100 | 1 | |a Παπακώστας, Γιάννης, |d 1939- | |
| 245 | 1 | 1 | |a Ο πολιτικός Καρυωτάκης / |c Γιάννης Παπακώστας. |
| 250 | |a 2η έκδ. | ||
| 260 | |a Αθήνα : |b Βιβλιοπωλείον της "Εστίας" - Ι. Δ. Κολλάρος & Σιας Α.Ε., |c 1993. | ||
| 300 | |a 144 σ. ; |c 22εκ. | ||
| 504 | |a Περιέχει ευρετήριο. | ||
| 650 | 0 | |a Greek poetry, Modern |x History and criticism. | |
| 852 | |a INST |b SAMOS |e 20160603 |h 889.1 ΠΑΠ |p 005300043594 |q 005300043594 |t BK |y 0 | ||
| 970 | |a Γουβάλα |b Βάσω |z 03-06-2016 | ||